000 00514nam a2200193Ia 4500
005 20250923145235.0
008 008 250917s9999 xx 000 0 eng d
037 _aTextual
040 _aDSWL
_beng
_cDSWL
041 _aeng
_2eng
084 _qDSWL
100 _aSmith, Bruce
_9833250
245 0 _aPolice systems in the United States
_cby Bruce Smith
260 _aNew York
_b Harper & Row Pub.
_c1960
365 _aUSD
_b6.5
925 _g6.5
942 _cTEXL
999 _c1448847
_d1448847